01448nam a2200349 a 4500001001000000003000500010005001700015008004100032010001100073011001100084040000900095090001000104100003200114245015400146260004100300500006000341502008000401590003700481590004000518590004000558650003500598650004700633650002400680856001600704856007000720901000700790942001000797942000600807999001900813952013100832952013500963000113578CHAP20220329144402.0170804s2016 mx a fsm |||||||spa d a110039 a111011 cCHAP aTesis1 aCessa Flores, Estela92165210aHacia una definición del modo de vida campesinoh[En línea]bestrategias socio-productivas en la región de Huatusco /cpor Estela Cessa Flores. aChapingo, Méx. :bEl autor,c2016. aPara ver el contenido del material haga clic en la liga aTesis (Ph.D. en Ciencias Agrarias) -- UACH. Departamento Sociología Rural aBATCHb00c20181121lUCH01h0759 aE6096MTMb05c20170804lUCH01h1451 aE6096MTMb05c20170804lUCH01h145514aAgricultura tradicional.9202914aCampesinadoxCondiciones sociales.913053214aVida rural.9119152 a1 n0001536 aFinding aiduhttp://10.13.5.2/tesis/sist113578.pdfzTeclea aquí aBK cTESIS n0 c110039d110039 00104054718TESISaBCbBCd2017-08-04fTESISl0oTesisp113580-10r2019-12-31 00:00:00w2019-12-31yTESISzRecien adquirido 00102local4053708TESISaBCbBCcPA_TESISd2017-08-04fTESISl0oTesisp113580-20r2019-12-31 00:00:00tc.2w2019-12-31yTESIS